| 000 | 01883cam a22001814a 4500 | ||
|---|---|---|---|
| 005 | 20250605164356.0 | ||
| 008 | 250528s ||||||||||||||||||||||||d | ||
| 035 | _a24330 | ||
| 040 |
_aGR-AtMCL _bgre _dGR-AtMCL _eAACR2 |
||
| 245 | 1 | _aΤα Επιμελητήρια Ζητούν την Ενεργή Συμμετοχή τους στον Εξωδικαστικό Μηχανισμό Ρύθμισης Οφειλών Επιχειρήσεων / Athens Startup Awards 2017 | |
| 260 |
_bΕμπορικό Και Βιομηχανικό Επιμελητήριο Αθηνών, _c2017 |
||
| 300 | _a64 | ||
| 520 | _aΜνημόνιο στο Ε.Β.Ε.Α: 'Ενέργεια: Επενδύσεις και Απασχόληση και Εξαγωγές, Προκλήσεις και Ευκαιρίες στον Τομέα του Διαστήματος: Εκπαίδευση και Έρευνα και Τεχνολογία και Εφαρμογές, Επιστολή Μίχαλου για την Εξαίρεση των Επιχειρήσεων Παραγωγής Ηλεκτρικής Ενέργειας από φ/β από την Υποχεωτική Χρήση POS, Μνημόνιο Συνεργασίας Μεταξύ Ε.Β.Ε.Α. και Πανεπιστημίου Πελοποννήσου, Ημέρα Πληροφόρησης Επιχειρηματιών, Ευρωπαϊκός Πυλώνας Κοινωνικών Δικαιωμάτων, Πώς θα Γίνει η Χαλάρωση των Capital Controls - Αναλυτικά τα Βήματα, Ο Πραγματικός Ρόλος του Διεθνούς Νομισματικού Ταμείου στην Διαπραγμάτευση, Οι Ηλεκτρικές Διασυνδέσεις των Νησιών του Αιγαίου. | ||
| 700 | 1 |
_aΜίχαλος Κωνσταντίνος _94319 |
|
| 942 | _cCR | ||
| 999 |
_c9219 _d9219 |
||